[Event "Titled Tue 26th Aug Early"]
[Site "chess.com INT"]
[Date "2025.08.26"]
[Round "5"]
[White "Drozdowski, Kacper"]
[Black "Nurgaliyev, Sauat"]
[Result "1-0"]
[WhiteTitle "IM"]
[BlackTitle "IM"]
[WhiteElo "2450"]
[BlackElo "2410"]
[WhiteFideId "1136720"]
[BlackFideId "13726285"]
[EventDate "2025.08.26"]

1. e4 c5 2. Nf3 d6 3. d4 cxd4 4. Nxd4 Nf6 5. f3 e5 6. Nb3 a5 7. Bb5+ Bd7 8.
Bxd7+ Nbxd7 9. c4 a4 10. N3d2 Qb6 11. Qe2 d5 12. cxd5 Bc5 13. Nc4 Qa6 14. Nc3
O-O 15. Be3 Bb4 16. Rc1 Rfc8 17. Na3 Qa5 18. Bd2 Qb6 19. Qb5 Bxa3 20. Qxb6 Nxb6
21. bxa3 Nc4 22. Nb5 Ne8 23. Bb4 Ne3 24. Kf2 Nc2 25. Be7 Nd4 26. Nxd4 exd4 27.
d6 Rxc1 28. Rxc1 1-0

[Event "Titled Tue 26th Aug Early"]
[Site "chess.com INT"]
[Date "2025.08.26"]
[Round "5"]
[White "Pavlidou, Ekaterini"]
[Black "Zeliantsova, Kseniya"]
[Result "0-1"]
[WhiteTitle "WIM"]
[BlackTitle "WFM"]
[WhiteElo "2217"]
[BlackElo "2062"]
[WhiteFideId "4213262"]
[BlackFideId "13512617"]
[EventDate "2025.08.26"]

1. d4 Nf6 2. Nc3 g6 3. e4 d6 4. f4 Bg7 5. Nf3 O-O 6. Be2 c5 7. d5 e6 8. O-O exd5
9. exd5 Nbd7 10. a4 Re8 11. h3 a5 12. Bd2 Nb6 13. Bb5 Bd7 14. Be1 Bxb5 15. axb5
Nc4 16. Qc1 Ne3 17. Bh4 Nxf1 18. Qxf1 Qb6 19. Na4 Qc7 20. c4 Re4 21. Ng5 Rd4 22.
Re1 h6 23. Nf3 Rxf4 24. Bg3 Re4 25. Nd2 Rxe1 26. Qxe1 Re8 27. Qf1 Ne4 28. Nxe4
Rxe4 29. Nc3 Bxc3 30. bxc3 Qe7 31. b6 Re3 32. Qf4 Qe5 33. Qxe5 dxe5 34. Bf2 Rxc3
35. Bxc5 Rxc4 36. Be7 Rd4 37. d6 a4 38. Kf2 a3 39. d7 Rxd7 40. Bxa3 Rd3 41. Bc5
Rc3 42. Bd6 e4 43. g4 f5 44. gxf5 gxf5 45. h4 Kf7 46. h5 Ke6 47. Bf8 Rh3 0-1

[Event "Titled Tue 26th Aug Early"]
[Site "chess.com INT"]
[Date "2025.08.26"]
[Round "5"]
[White "Munoz, Francisco Javier"]
[Black "Sarana, Alexey"]
[Result "0-1"]
[WhiteTitle "FM"]
[BlackTitle "GM"]
[WhiteElo "2389"]
[BlackElo "2691"]
[WhiteFideId "128368"]
[BlackFideId "24133795"]
[EventDate "2025.08.26"]

1. e4 c5 2. Nc3 d6 3. d4 cxd4 4. Qxd4 Nc6 5. Bb5 Bd7 6. Bxc6 Bxc6 7. b3 Nf6 8.
Bb2 g6 9. Nge2 Bg7 10. f3 O-O 11. Qe3 a5 12. a4 Qc7 13. O-O-O Rfc8 14. Nd4 e5
15. Nxc6 bxc6 16. Kb1 d5 17. Qe2 d4 18. Na2 c5 19. c4 Rcb8 20. Nc1 Rb6 21. g4
Bh6 22. Rd3 Rab8 23. Ka2 Qb7 24. Qc2 Ne8 25. h4 Be3 26. h5 Nc7 27. hxg6 fxg6 28.
Rxe3 Na6 29. Kb1 dxe3 30. Qc3 Re8 31. Qxe3 Nb4 32. Qxc5 Rf6 33. Rf1 Rxf3 34.
Rxf3 Qxe4+ 35. Ka1 Qxf3 36. Qxa5 Qb7 37. Qb5 Qxb5 38. axb5 e4 39. Ne2 e3 40. Kb1
Rf8 41. c5 Rf1+ 42. Bc1 Re1 43. c6 Nd5 44. Nd4 e2 45. Nf3 Rf1 0-1

[Event "Titled Tue 26th Aug Early"]
[Site "chess.com INT"]
[Date "2025.08.26"]
[Round "5"]
[White "Solberg, Joachim"]
[Black "Babiarz, Arkadiusz"]
[Result "1-0"]
[WhiteTitle "FM"]
[BlackTitle "CM"]
[WhiteElo "2161"]
[BlackElo "2172"]
[WhiteFideId "1502930"]
[BlackFideId "21804362"]
[EventDate "2025.08.26"]

1. Nf3 Nf6 2. g3 g6 3. Bg2 Bg7 4. O-O O-O 5. d4 d6 6. c4 Nbd7 7. Nc3 c6 8. e4
Qc7 9. h3 e5 10. Re1 exd4 11. Nxd4 Re8 12. Be3 Nc5 13. Qc2 a5 14. Rad1 Bd7 15.
g4 Rad8 16. Nb3 Nxb3 17. Qxb3 Ra8 18. Bb6 Qb8 19. a4 Be6 20. Bf1 Nd7 21. Be3 Ne5
22. Kg2 f5 23. f4 fxg4 24. fxe5 gxh3+ 25. Kh1 Bxe5 26. Qc2 Qd8 27. c5 Qh4 28.
cxd6 Bg4 29. Be2 Rf8 30. Bxg4 Qxg4 31. Rf1 Rxf1+ 32. Rxf1 Bxd6 33. Qb3+ Kg7 34.
Bd4+ Kh6 35. Be3+ Kh5 36. Qd1 Be5 37. Rf7 Qxd1+ 38. Nxd1 Rd8 39. Nf2 Bxb2 40.
Nxh3 Kg4 41. Nf2+ Kg3 42. Rxh7 Bd4 43. Rh3# 1-0

[Event "Titled Tue 26th Aug Early"]
[Site "chess.com INT"]
[Date "2025.08.26"]
[Round "5"]
[White "Anakok, Deniz"]
[Black "Amburgy, Ryan"]
[Result "0-1"]
[WhiteTitle "CM"]
[BlackTitle "FM"]
[WhiteElo "2129"]
[BlackElo "2363"]
[WhiteFideId "51603586"]
[BlackFideId "30924820"]
[EventDate "2025.08.26"]

1. e4 c6 2. Nc3 d5 3. Nf3 dxe4 4. Nxe4 Nf6 5. Qe2 Nxe4 6. Qxe4 Nd7 7. Bc4 Nf6 8.
Ne5 e6 9. Qe2 b5 10. Bd3 Bb7 11. O-O Bd6 12. c3 Qc7 13. f4 Nd5 14. g3 O-O-O 15.
a4 a6 16. Be4 f6 17. Nd3 h5 18. b3 h4 19. axb5 cxb5 20. g4 h3 21. c4 Nb4 22.
Nxb4 Bxb4 23. cxb5 Bc5+ 24. Kh1 Rd4 25. d3 f5 26. Bxb7+ Qxb7+ 27. Qf3 Rxd3 28.
Qxb7+ Kxb7 29. bxa6+ Ka7 30. Ba3 Bxa3 31. Rxa3 fxg4 32. Rg1 Rf8 33. Rxg4 Rxf4
34. Rxg7+ Kb6 35. a7 Rd1+ 36. Rg1 Rff1 0-1

[Event "Titled Tue 26th Aug Early"]
[Site "chess.com INT"]
[Date "2025.08.26"]
[Round "5"]
[White "Sergiienko, Andrii"]
[Black "Ng, Clive"]
[Result "0-1"]
[BlackTitle "FM"]
[WhiteElo "1921"]
[BlackElo "2006"]
[WhiteFideId "14194376"]
[BlackFideId "3214869"]
[EventDate "2025.08.26"]

1. d4 Nf6 2. c4 e6 3. Nf3 d5 4. g3 Be7 5. Bg2 c6 6. O-O O-O 7. Qc2 Nbd7 8. Nbd2
b6 9. Rd1 Bb7 10. e4 dxe4 11. Nxe4 Nxe4 12. Qxe4 Nf6 13. Qe2 Qc8 14. Ne5 Re8 15.
Bf4 c5 16. d5 exd5 17. cxd5 Bd6 18. Re1 Qc7 19. Rad1 Nd7 20. Qh5 g6 21. Qh6 Nxe5
22. Bxe5 Rxe5 23. Rxe5 Bxe5 24. d6 Qd7 25. Bxb7 Qxb7 26. Qg5 f6 27. Qg4 Qf7 28.
Qf3 Rd8 29. Qc6 Qd7 30. Rd5 Qxc6 0-1

[Event "Titled Tue 26th Aug Early"]
[Site "chess.com INT"]
[Date "2025.08.26"]
[Round "5"]
[White "Bahmani, Koorosh"]
[Black "Osetrov, Dmitrij"]
[Result "1-0"]
[WhiteTitle "CM"]
[BlackTitle "CM"]
[WhiteElo "2205"]
[BlackElo "2202"]
[WhiteFideId "42576750"]
[BlackFideId "44139713"]
[EventDate "2025.08.26"]

1. Nf3 Nf6 2. g3 g6 3. Bg2 Bg7 4. O-O O-O 5. d4 d5 6. c4 c6 7. a4 dxc4 8. Na3
Be6 9. Ng5 Qc8 10. Nxe6 Qxe6 11. Qc2 Rd8 12. Rd1 Na6 13. Qxc4 Qxc4 14. Nxc4 Nb4
15. e3 c5 16. Bd2 Nfd5 17. dxc5 Nd3 18. Ba5 N5b4 19. Bxd8 Rxd8 20. Bxb7 Rf8 21.
c6 Nc5 22. Rac1 Nxa4 23. c7 Na2 24. Rd8 Nxc1 25. c8=Q Ne2+ 26. Kf1 Rxd8 27.
Qxd8+ Bf8 28. Kxe2 Kg7 29. Qd4+ f6 30. Nd6 1-0

[Event "Titled Tue 26th Aug Early"]
[Site "chess.com INT"]
[Date "2025.08.26"]
[Round "5"]
[White "Materia, Marco"]
[Black "Gilfanov, Marat I"]
[Result "1-0"]
[WhiteTitle "IM"]
[BlackTitle "FM"]
[WhiteElo "2500"]
[BlackElo "2304"]
[WhiteFideId "45150451"]
[BlackFideId "34372164"]
[EventDate "2025.08.26"]

1. Nf3 Nf6 2. c4 e6 3. b3 d5 4. Bb2 c5 5. e3 Nc6 6. cxd5 exd5 7. d4 Bg4 8. Be2
cxd4 9. Nxd4 Bb4+ 10. Bc3 Qa5 11. Qd2 Bxc3 12. Nxc3 Nxd4 13. Qxd4 Bxe2 14. Kxe2
O-O 15. Rhc1 Rac8 16. Kf1 Rc6 17. b4 Qc7 18. g3 Rc8 19. Ne2 Rc4 20. Qxa7 Ne4 21.
Qa5 Qc6 22. b5 Qf6 23. Qe1 Rc2 24. Kg1 Nd2 25. Qxd2 Qxa1 26. Qxc2 Rxc2 27. Rxa1
Rxe2 28. a4 Rb2 29. Rd1 Kf8 30. Rxd5 Ra2 31. Rd7 Rxa4 32. Rxb7 Rb4 33. b6 Ke8
34. Rb8+ Ke7 35. h4 h5 36. Kg2 g6 37. b7 Rb6 38. e4 Rb3 39. f4 Kf6 40. Kf2 Ke7
41. e5 Rb2+ 42. Ke1 Rb3 43. Kd1 Rb4 44. e6 Rb5 45. exf7 Kxf7 46. Rh8 Kg7 47.
b8=Q 1-0

[Event "Titled Tue 26th Aug Early"]
[Site "chess.com INT"]
[Date "2025.08.26"]
[Round "5"]
[White "Tarhan, Adar"]
[Black "Iljin, Timofey"]
[Result "1-0"]
[WhiteTitle "IM"]
[BlackTitle "IM"]
[WhiteElo "2474"]
[BlackElo "2242"]
[WhiteFideId "34544712"]
[BlackFideId "14110180"]
[EventDate "2025.08.26"]

1. e4 e6 2. d4 d5 3. Nd2 h6 4. Bd3 c5 5. exd5 exd5 6. dxc5 Bxc5 7. Ngf3 Ne7 8.
O-O O-O 9. Nb3 Bb6 10. Re1 Nbc6 11. Be3 Bc7 12. Nbd4 a6 13. Nxc6 Nxc6 14. Nd4
Qd6 15. g3 Qf6 16. Nxc6 bxc6 17. Bc5 Bd6 18. Bd4 Qg5 19. h4 Qg4 20. c3 Qh3 21.
Bf1 Qf5 22. b4 Qg6 23. Be5 Bf5 24. h5 Qe6 25. Bxg7 Qd7 26. Bxh6 Rfe8 27. Qd4 Bf8
28. Bxf8 Rxf8 29. Qf6 Be4 30. f3 Qf5 31. Qxf5 Bxf5 32. g4 Bc2 33. Kf2 a5 34. a3
a4 35. Rac1 Bb3 36. c4 d4 37. Bd3 Kg7 38. Re5 Rfe8 39. Rce1 Rxe5 40. Rxe5 Kf6
41. Rc5 Re8 42. Rxc6+ Kg7 43. Rd6 Re3 44. Rxd4 Re6 45. c5 Kh6 46. Rd6 f6 47.
Rxe6 Bxe6 48. Kg3 Kg5 49. f4+ Kh6 50. Kh4 Bc8 51. g5+ Kg7 52. h6+ Kg8 53. g6 Be6
54. f5 Bb3 55. c6 Kh8 56. c7 Bg8 57. b5 Be6 58. fxe6 1-0

[Event "Titled Tue 26th Aug Early"]
[Site "chess.com INT"]
[Date "2025.08.26"]
[Round "5"]
[White "Saydaliev, Saidakbar"]
[Black "Kuznecova, Marija"]
[Result "1-0"]
[WhiteTitle "IM"]
[BlackTitle "WFM"]
[WhiteElo "2455"]
[BlackElo "2207"]
[WhiteFideId "14203693"]
[BlackFideId "11618736"]
[EventDate "2025.08.26"]

1. e4 c5 2. Nf3 d6 3. d4 cxd4 4. Nxd4 Nf6 5. Nc3 a6 6. Be3 e5 7. Nb3 Be6 8. f3
Be7 9. Qd2 O-O 10. g4 b5 11. Nd5 Bxd5 12. exd5 Nbd7 13. g5 Nh5 14. Rg1 Nb6 15.
Na5 Qc7 16. Nc6 Rfe8 17. O-O-O Rac8 18. Bh3 Ra8 19. Bxb6 Qxb6 20. Bd7 Bf8 21.
Bxe8 Rxe8 22. Rge1 Nf4 23. Qe3 Qc7 24. Qxf4 exf4 25. Rxe8 g6 26. Rb8 f6 27. Re1
fxg5 28. Ree8 Qd7 29. Nd4 Qh3 30. Ne6 Qf1+ 31. Kd2 Qf2+ 32. Kc3 Qe1+ 33. Kb3
Qe3+ 34. c3 1-0

[Event "Titled Tue 26th Aug Early"]
[Site "chess.com INT"]
[Date "2025.08.26"]
[Round "5"]
[White "Cai, Chaoruo"]
[Black "Hejazipour, Mitra"]
[Result "0-1"]
[WhiteTitle "CM"]
[BlackTitle "WGM"]
[WhiteElo "2274"]
[BlackElo "2329"]
[WhiteFideId "8618402"]
[BlackFideId "12505951"]
[EventDate "2025.08.26"]

1. d4 Nf6 2. Nf3 g6 3. g3 Bg7 4. Bg2 O-O 5. O-O d6 6. c4 Nbd7 7. Nc3 e5 8. d5 a5
9. e4 Nc5 10. Qc2 h6 11. Be3 b6 12. Rad1 Ng4 13. Bxc5 bxc5 14. h3 Nf6 15. Rd2
Nh5 16. Kh2 f5 17. Nh4 f4 18. Nxg6 fxg3+ 19. fxg3 Rxf1 20. Bxf1 Qg5 21. g4 Nf6
22. Ne7+ Kh7 23. Nxc8 Rxc8 24. Rf2 Rf8 25. Qd2 Nxg4+ 26. hxg4 Qxd2 27. Rxd2 Rxf1
28. Nb5 Bf6 29. Kg2 Rf4 30. Rf2 Rxg4+ 31. Kf1 Kg6 32. Nxc7 Rxe4 33. Ne8 Be7 34.
b3 Rf4 35. Nc7 Kf5 36. Ne6 Rxf2+ 37. Kxf2 Ke4 38. Ke2 h5 39. Kf2 Kd3 40. Nc7 e4
41. Nb5 e3+ 42. Ke1 Bh4+ 43. Kf1 e2+ 44. Kg2 e1=Q 45. Kh2 Qf2+ 46. Kh1 Bg3 47.
Nc7 Qh2# 0-1

[Event "Titled Tue 26th Aug Early"]
[Site "chess.com INT"]
[Date "2025.08.26"]
[Round "5"]
[White "Shandrygin, Nikita"]
[Black "Khumalo, Keith"]
[Result "1-0"]
[WhiteTitle "FM"]
[BlackTitle "CM"]
[WhiteElo "2209"]
[BlackElo "2167"]
[WhiteFideId "24198668"]
[BlackFideId "14319470"]
[EventDate "2025.08.26"]

1. e4 c5 2. b4 e6 3. bxc5 Bxc5 4. d4 Be7 5. c3 d5 6. e5 Nc6 7. Bd3 Bd7 8. Qg4 g6
9. h4 h5 10. Qg3 Nh6 11. Nf3 Nf5 12. Bxf5 exf5 13. Bg5 Qa5 14. Bxe7 Nxe7 15. O-O
Rc8 16. Re1 Be6 17. Qg5 Kd7 18. Nfd2 b6 19. a4 Qa6 20. a5 Rc6 21. Nb3 Qb5 22.
axb6 Qxb6 23. Nc5+ Rxc5 24. dxc5 Qxc5 25. Nd2 Nc6 26. Rec1 Rc8 27. Nf3 Rc7 28.
Qf4 Qc4 29. Nd4 Rb7 30. Qe3 a6 31. Rcb1 Rc7 32. Rb6 Nd8 33. Rd6+ Kc8 34. Raxa6
Qxc3 35. Qg5 Qe1+ 36. Kh2 Qxe5+ 37. f4 f6 38. fxe5 fxg5 39. Rxd8+ Kxd8 40. Nxe6+ 1-0

[Event "Titled Tue 26th Aug Early"]
[Site "chess.com INT"]
[Date "2025.08.26"]
[Round "5"]
[White "Brown, Akeem"]
[Black "Ivanov, Alexander"]
[Result "0-1"]
[WhiteTitle "CM"]
[BlackTitle "GM"]
[WhiteElo "2063"]
[BlackElo "2376"]
[WhiteFideId "7402023"]
[BlackFideId "2000202"]
[EventDate "2025.08.26"]

1. e4 c5 2. Nf3 d6 3. d4 cxd4 4. Nxd4 Nf6 5. Nc3 Nc6 6. Bg5 e6 7. Qd2 a6 8.
O-O-O Be7 9. f4 Nxd4 10. Qxd4 b5 11. Bxf6 gxf6 12. f5 Qc7 13. g3 Qc5 14. Qd2 Bb7
15. fxe6 fxe6 16. Bh3 Qe5 17. Rhe1 b4 18. Ne2 Bxe4 19. Nd4 f5 20. Qh6 Bf6 21.
Qh5+ Kf8 22. Qh6+ Ke8 23. Bg2 d5 24. Bxe4 dxe4 25. Qh5+ Kf8 26. Qh6+ Kf7 27.
Qh5+ Kg7 28. Nxf5+ exf5 29. Rd7+ Be7 30. Qg5+ Kf8 31. Qh6+ Ke8 32. Qc6 Kf7 33.
Rd5 Rac8 34. Qd7 Rc7 35. Rxe5 Rxd7 36. Rxf5+ Kg6 37. Re5 Bg5+ 38. Kb1 Rhd8 39.
Re6+ Kf7 0-1

[Event "Titled Tue 26th Aug Early"]
[Site "chess.com INT"]
[Date "2025.08.26"]
[Round "5"]
[White "Pham, Le Thao Nguyen"]
[Black "Liu, Zachary Hankun"]
[Result "1-0"]
[WhiteTitle "IM"]
[WhiteElo "2348"]
[BlackElo "1998"]
[WhiteFideId "12401226"]
[BlackFideId "2640287"]
[EventDate "2025.08.26"]

1. d4 Nf6 2. c4 e6 3. Nc3 c5 4. d5 exd5 5. cxd5 d6 6. Bf4 g6 7. e3 Bg7 8. Nf3
O-O 9. Be2 Na6 10. O-O Nc7 11. a4 Re8 12. Bg5 h6 13. Bh4 g5 14. Bg3 b6 15. Nd2
Rb8 16. Bb5 Nxb5 17. axb5 Qe7 18. Nc4 Rd8 19. Qd3 h5 20. h4 g4 21. Ra2 Rb7 22.
Rfa1 Ne8 23. e4 Bf6 24. Ne2 Ng7 25. Qe3 Rbd7 26. Qf4 Re8 27. Nxd6 Rxd6 28. Qxd6
Qxe4 29. Qxf6 Qxe2 30. Rxa7 Rf8 31. Rc7 Bf5 32. Raa7 Bg6 33. Be5 Qe1+ 34. Kh2
Ne8 1-0

[Event "Titled Tue 26th Aug Early"]
[Site "chess.com INT"]
[Date "2025.08.26"]
[Round "5"]
[White "Buchenau, Frank"]
[Black "Sobek, Jaroslav"]
[Result "1-0"]
[WhiteTitle "FM"]
[BlackTitle "FM"]
[WhiteElo "2205"]
[BlackElo "2195"]
[WhiteFideId "4604350"]
[BlackFideId "301388"]
[EventDate "2025.08.26"]

1. e4 c5 2. g3 b6 3. Bg2 Bb7 4. Ne2 Nf6 5. d3 d6 6. O-O e6 7. f4 Nc6 8. c3 Rb8
9. Be3 Be7 10. Nd2 O-O 11. d4 Ng4 12. Bf2 Nxf2 13. Rxf2 cxd4 14. cxd4 Nb4 15.
Qb3 d5 16. e5 Rc8 17. Nc3 Nc6 18. Nf3 Na5 19. Qd1 Nc4 20. Qd3 Ba6 21. b3 Na5 22.
Qe3 Qc7 23. Rc2 Qd7 24. Qf2 Nc6 25. a3 Na5 26. b4 Nc4 27. f5 exf5 28. Ne1 Bb7
29. Nd3 g6 30. Nf4 Bg5 31. Ncxd5 Bxf4 32. Nf6+ 1-0

[Event "Titled Tue 26th Aug Early"]
[Site "chess.com INT"]
[Date "2025.08.26"]
[Round "5"]
[White "Manvelyan, Mikayel"]
[Black "Droin, Augustin"]
[Result "1-0"]
[WhiteTitle "FM"]
[BlackTitle "IM"]
[WhiteElo "2386"]
[BlackElo "2481"]
[WhiteFideId "13310143"]
[BlackFideId "45105987"]
[EventDate "2025.08.26"]

1. d4 d5 2. c4 e6 3. Nf3 Nf6 4. g3 Bb4+ 5. Bd2 Be7 6. Qc2 O-O 7. Bg2 Nbd7 8. O-O
Ne4 9. Nc3 Nxd2 10. Nxd2 c6 11. e4 dxc4 12. Nxc4 b5 13. Ne3 Qb6 14. Rfd1 Bb7 15.
Rac1 Rac8 16. Qb3 Rfd8 17. a3 a5 18. Qc2 Nf8 19. Ne2 c5 20. d5 c4 21. a4 Bc5 22.
axb5 Bxe3 23. fxe3 Qxe3+ 24. Kh1 exd5 25. exd5 Ng6 26. Nc3 h5 27. Re1 Qb6 28.
Qf5 h4 29. Rcd1 Qd6 30. Ne4 Qe5 31. Qxe5 Nxe5 32. Nc3 Nd3 33. Re2 hxg3 34. hxg3
Rd6 35. Rf1 Rg6 36. Rf3 Rc7 37. Rfe3 Nc5 38. Re8+ Kh7 39. R2e7 Rd7 40. Rxd7 Nxd7
41. Be4 Nf6 42. Bxg6+ Kxg6 43. Rb8 Bxd5+ 44. Nxd5 Nxd5 45. b6 1-0

[Event "Titled Tue 26th Aug Early"]
[Site "chess.com INT"]
[Date "2025.08.26"]
[Round "5"]
[White "Fellowes, Billy"]
[Black "Foldes, Marton Gabor"]
[Result "1-0"]
[WhiteTitle "CM"]
[BlackTitle "FM"]
[WhiteElo "2122"]
[BlackElo "2293"]
[WhiteFideId "483540"]
[BlackFideId "794708"]
[EventDate "2025.08.26"]

1. d4 Nf6 2. Nc3 c5 3. d5 d6 4. e4 g6 5. f4 Bg7 6. e5 dxe5 7. fxe5 Nfd7 8. e6
Ne5 9. Bb5+ Kf8 10. Nf3 a6 11. Nxe5 Bxe5 12. Bc4 b5 13. Qf3 f6 14. Bd3 Bb7 15.
Be4 Kg7 16. O-O f5 17. Be3 Rf8 18. Qh3 f4 19. Bxc5 b4 20. Ne2 Qa5 21. Bxe7 Re8
22. Bg5 Bxd5 23. Qh6+ Kg8 24. Bxg6 Qc5+ 25. Rf2 hxg6 26. Qxg6+ Bg7 27. Qxe8+ Qf8
28. Qg6 Nc6 29. Nxf4 1-0

[Event "Titled Tue 26th Aug Early"]
[Site "chess.com INT"]
[Date "2025.08.26"]
[Round "5"]
[White "Alonso Rosell, Alvar"]
[Black "Belov, Alexei"]
[Result "1-0"]
[WhiteTitle "GM"]
[BlackTitle "IM"]
[WhiteElo "2536"]
[BlackElo "2421"]
[WhiteFideId "2270544"]
[BlackFideId "4128206"]
[EventDate "2025.08.26"]

1. d4 d5 2. c4 e6 3. Nf3 Nf6 4. g3 Be7 5. Bg2 O-O 6. O-O dxc4 7. Qa4 a6 8. Qxc4
b5 9. Qc2 Bb7 10. Bd2 Ra7 11. Rc1 Be4 12. Qd1 b4 13. Bf4 c5 14. Nbd2 Bd5 15.
dxc5 Nc6 16. Qe1 e5 17. Nxe5 Bxg2 18. Kxg2 Nxe5 19. Bxe5 Qd5+ 20. Nf3 Bxc5 21.
Bxf6 gxf6 22. Qd2 Qf5 23. Rc4 Re8 24. g4 Qc8 25. Rac1 Rc7 26. h3 Ree7 27. Qd5
Bb6 28. Rxc7 Bxc7 29. e3 Qb8 30. Nh4 Re5 31. Qc6 Bd8 32. Nf5 b3 33. axb3 Qxb3
34. Qd7 Qd5+ 35. Qxd5 Rxd5 36. Rc8 Kf8 37. Kf3 Ke8 38. Ra8 Rb5 39. Nd6+ 1-0

[Event "Titled Tue 26th Aug Early"]
[Site "chess.com INT"]
[Date "2025.08.26"]
[Round "5"]
[White "Gbiorczyk, Mikolaj"]
[Black "Poleg, Matan"]
[Result "0-1"]
[WhiteTitle "CM"]
[BlackTitle "FM"]
[WhiteElo "2070"]
[BlackElo "2277"]
[WhiteFideId "21080763"]
[BlackFideId "2811472"]
[EventDate "2025.08.26"]

1. d4 Nf6 2. Nc3 d5 3. Bf4 a6 4. e3 h6 5. Nf3 e6 6. Ne5 c5 7. g4 Nc6 8. a3 Bd6
9. Nxc6 bxc6 10. Bxd6 Qxd6 11. dxc5 Qxc5 12. h3 e5 13. Bg2 Rb8 14. O-O O-O 15.
Qd2 Rxb2 16. Rfb1 Rxb1+ 17. Rxb1 Qxa3 18. Rb6 Qa5 19. Rxc6 Bb7 20. Rd6 Qc5 21.
Rxf6 gxf6 22. Bxd5 Bxd5 23. Nxd5 Kg7 24. e4 Rd8 25. Qc1 Rxd5 26. exd5 Qxd5 27.
Qa3 Qc4 28. Kh2 Qxc2 29. Kg3 Qc4 30. Kh4 Qd4 0-1

[Event "Titled Tue 26th Aug Early"]
[Site "chess.com INT"]
[Date "2025.08.26"]
[Round "5"]
[White "Mesquita, Eduardo Barbosa"]
[Black "Karunasena, A P Chenitha Sihas Dinsara"]
[Result "0-1"]
[BlackTitle "CM"]
[WhiteElo "2060"]
[BlackElo "2026"]
[WhiteFideId "22757163"]
[BlackFideId "29982596"]
[EventDate "2025.08.26"]

1. e4 e5 2. Nf3 Nc6 3. Bb5 Nf6 4. d3 d6 5. O-O Be7 6. Nbd2 O-O 7. Re1 Ne8 8. c3
f5 9. d4 fxe4 10. Nxe4 d5 11. Ng3 e4 12. Bxc6 bxc6 13. Ne5 Bb7 14. Qg4 Qd6 15.
Nf5 Rxf5 16. Qxf5 Nf6 17. Bf4 Rf8 18. Bg3 Bc8 19. Qg5 Qe6 20. f3 c5 21. Qd2 cxd4
22. cxd4 c5 23. Rac1 Nh5 24. fxe4 dxe4 25. Rxe4 Qd5 26. Ree1 Nxg3 27. hxg3 cxd4
28. Nc6 Bf6 29. b4 Kh8 30. Rc5 Qd6 31. Ne5 Bb7 32. Nc4 Qd7 33. Ne5 Qd6 34. Qe2
d3 35. Qxd3 Bxe5 0-1

[Event "Titled Tue 26th Aug Early"]
[Site "chess.com INT"]
[Date "2025.08.26"]
[Round "5"]
[White "Schnaider, Ilan"]
[Black "Ruperez Benito, Antonio"]
[Result "1-0"]
[WhiteTitle "IM"]
[BlackTitle "FM"]
[WhiteElo "2386"]
[BlackElo "2328"]
[WhiteFideId "169013"]
[BlackFideId "22245049"]
[EventDate "2025.08.26"]

1. e4 e6 2. d4 d5 3. Nc3 Bb4 4. Ne2 dxe4 5. a3 Bxc3+ 6. Nxc3 Nc6 7. Bf4 Nge7 8.
Qd2 O-O 9. O-O-O Nd5 10. Bb5 Nxf4 11. Qxf4 Ne7 12. Qxe4 Nd5 13. Bd3 Qg5+ 14. Rd2
f5 15. Qf3 Nxc3 16. bxc3 Qe7 17. Kb2 Bd7 18. Bc4 b5 19. Bb3 a5 20. Re1 Qd6 21.
Rde2 b4 22. Rxe6 Bxe6 23. Rxe6 bxa3+ 24. Ka1 a4 25. Ba2 Kh8 26. Rxd6 cxd6 27.
Be6 Rfe8 28. c4 Rab8 29. d5 Rb4 30. Qxa3 Rxc4 31. Qxd6 Rxc2 32. Qb6 a3 33. d6
Re2 34. d7 R2xe6 35. Qxe6 1-0

[Event "Titled Tue 26th Aug Early"]
[Site "chess.com INT"]
[Date "2025.08.26"]
[Round "5"]
[White "Araujo Filho, Luiz Antonio Coel"]
[Black "Miserendino, Alfredo"]
[Result "0-1"]
[WhiteElo "2077"]
[BlackElo "2032"]
[WhiteFideId "2130661"]
[BlackFideId "101800"]
[EventDate "2025.08.26"]

1. d4 c5 2. e3 cxd4 3. exd4 Nf6 4. Nf3 g6 5. Be2 Bg7 6. O-O O-O 7. b3 d5 8. Bb2
Bg4 9. c4 e6 10. Nbd2 Nbd7 11. c5 Ne4 12. Nxe4 dxe4 13. Nd2 Bxe2 14. Qxe2 Nxc5
15. Nxe4 Nxe4 16. Qxe4 Qd5 17. Qe3 Rac8 18. Rac1 Rfd8 19. g3 h5 20. Rxc8 Rxc8
21. Rc1 Rxc1+ 22. Qxc1 h4 23. gxh4 a6 24. Qc4 Qe4 25. Qc8+ Kh7 26. Qc4 Qxh4 27.
Qc7 Qg4+ 28. Kf1 Qd1+ 29. Kg2 Qe2 30. Qc3 Qg4+ 31. Qg3 Qe4+ 32. Qf3 Qc2 33. Bc3
Kg8 34. Bb4 Bxd4 35. Be7 Qc6 0-1

[Event "Titled Tue 26th Aug Early"]
[Site "chess.com INT"]
[Date "2025.08.26"]
[Round "5"]
[White "Pournami S"]
[Black "Shubhi Gupta"]
[Result "0-1"]
[WhiteTitle "WCM"]
[BlackTitle "WFM"]
[WhiteElo "1753"]
[BlackElo "2213"]
[WhiteFideId "25732439"]
[BlackFideId "25195425"]
[EventDate "2025.08.26"]

1. e4 e5 2. Nf3 Nc6 3. d4 exd4 4. Bc4 Bc5 5. c3 d3 6. Qxd3 d6 7. h3 Nf6 8. O-O
h6 9. b4 Bb6 10. Bf4 O-O 11. a4 a5 12. b5 Ne7 13. Nbd2 Ng6 14. Bg3 Nh5 15. Nd4
Ne5 16. Qe2 Nxg3 17. fxg3 Qg5 18. g4 Nxc4 19. Nxc4 Bc5 20. Ne3 Be6 21. Kh1 Rae8
22. Qf2 Bc8 23. Qf3 Qe5 24. Nd5 Qxe4 25. Nxc7 Qxf3 26. Rxf3 Re5 27. Nb3 Bb6 28.
Na8 Bd8 29. b6 Be6 30. Nd4 Bd5 31. Rf5 Rfe8 32. Nc7 Re1+ 33. Rxe1 Rxe1+ 34. Kh2
Be4 35. Rf2 Rb1 36. Ndb5 d5 37. Rd2 Bf6 38. Nxd5 Be5+ 0-1

[Event "Titled Tue 26th Aug Early"]
[Site "chess.com INT"]
[Date "2025.08.26"]
[Round "5"]
[White "Perossa, Nicolas"]
[Black "Silva, Luca"]
[Result "0-1"]
[WhiteTitle "FM"]
[BlackTitle "FM"]
[WhiteElo "2284"]
[BlackElo "2214"]
[WhiteFideId "2850520"]
[BlackFideId "147370"]
[EventDate "2025.08.26"]

1. Nf3 c5 2. g3 Nc6 3. Bg2 g6 4. O-O Bg7 5. d3 d6 6. Nc3 Nf6 7. Bd2 Bd7 8. Qc1
h5 9. Ng5 h4 10. e4 hxg3 11. fxg3 O-O 12. Qe1 Nd4 13. Rc1 Ng4 14. Nd5 e6 15. Nc3
Bc6 16. Bh3 Ne5 17. Be3 Bf6 18. Rxf6 Qxf6 19. Bg2 Qxg5 20. Bxg5 Nef3+ 21. Bxf3
Nxf3+ 22. Kf2 Nxe1 23. Be7 Rfe8 24. Bxd6 Rad8 25. Bxc5 Nxd3+ 26. cxd3 Rxd3 27.
Bxa7 Rd2+ 28. Kg1 Rxb2 29. Bd4 Rd2 30. Bf6 Ra8 31. h4 Rd3 32. Kf2 Rd2+ 33. Ke3
Rg2 34. Kf4 Ra5 35. e5 Ra3 36. Rd1 Ra8 37. g4 Rc2 38. Rd3 b5 39. h5 b4 40. Ne4
Rc4 0-1